00419nam a2200157 a 45000010005000000030009000050080041000140400028000550820019000831000021001022450027001232600061001503000008002114900018002196500024002372256CO-ViMGA141112s2004 ck r 000 u spa d aCO-ViMGAbspacCO-ViMGA04aCo863.44 G813y1 aGuberek, Simón10aYo vi crecer un país aSantafé de Bogotá : bSimón y Lola Guberek, c1987 a2 v aLiteraria, 1814aRELATOS COLOMBIANOS